[Event "1st league of Central Serbia"]
[Site "Vrnjacka Banja"]
[Date "2006.10.26"]
[Round "7.6"]
[White "Jovanovic, D  Dusan"]
[Black "Tosic, Nebojsa"]
[Result "1-0"]
[WhiteElo "2240"]
[BlackElo "2228"]
[PlyCount "93"]
[EventDate "2006.09.09"]

1. Nf3 Nf6 2. c4 c5 3. Nc3 a6 4. g3 b6 5. Bg2 Bb7 6. O-O e6 7. Re1 Be7 8. e4 d6
9. d4 cxd4 10. Nxd4 Qc7 11. Be3 O-O 12. Rc1 Nbd7 13. f4 Rac8 14. g4 Nc5 15. Bf2
Qb8 16. g5 Ne8 17. b4 Nd7 18. Qg4 Nc7 19. h4 Rfe8 20. h5 Bf8 21. g6 Nf6 22.
gxf7+ Kxf7 23. Qg5 Be7 24. e5 Ne4 25. Qg4 Nxf2 26. Kxf2 dxe5 27. fxe5 Bxb4 28.
Rg1 Bf8 29. Be4 Kg8 30. h6 Re7 31. hxg7 Rf7+ 32. Ke2 Bxg7 33. Qh5 Bxe4 34. Nxe4
Rcf8 35. Nf6+ Rxf6 36. exf6 Rxf6 37. Qe5 Kh8 38. Rxg7 Kxg7 39. Nxe6+ Kf7 40.
Qxc7+ Qxc7 41. Nxc7 Rc6 42. Nxa6 b5 43. Rf1+ Ke7 44. cxb5 Rc2+ 45. Kd3 Rxa2 46.
Rh1 Kd6 47. Rxh7 1-0

[Event "1st league of Central Serbia"]
[Site "Vrnjacka Banja"]
[Date "2006.10.26"]
[Round "7.6"]
[White "Rajkovic, Aleksandar"]
[Black "Rihterovic, Milan"]
[Result "0-1"]
[WhiteElo "2224"]
[BlackElo "2148"]
[PlyCount "124"]
[EventDate "2006.09.09"]

1. e4 e5 2. Nf3 Nc6 3. Bb5 a6 4. Ba4 Nf6 5. O-O Nxe4 6. d4 b5 7. Bb3 d5 8. Nxe5
Nxe5 9. dxe5 c6 10. Be3 Be7 11. a4 b4 12. Nd2 Nc5 13. f4 O-O 14. Kh1 Bf5 15.
Bxc5 Bxc5 16. c3 Rb8 17. Bc2 bxc3 18. Bxf5 cxd2 19. Qxd2 g6 20. Bd3 Qb6 21.
Rab1 a5 22. b3 Bd4 23. Qe2 Rbe8 24. Qg4 c5 25. Rf3 Qe6 26. Qh4 Qe7 27. Qh6 f5
28. exf6 Qxf6 29. Rbf1 Re7 30. f5 g5 31. Qh5 Kh8 32. g4 Re3 33. Qh3 Rfe8 34.
Bb5 R8e7 35. Qg2 R7e5 36. Qd2 Rxf3 37. Rxf3 Re4 38. Qxa5 Rxg4 39. Qa8+ Kg7 40.
Qb7+ Qf7 41. Qxf7+ Kxf7 42. Rg3 Re4 43. Bd7 Ke7 44. Be6 Kd6 45. Kg2 h6 46. Kf1
Rf4+ 47. Kg2 Rf2+ 48. Kh1 Rf1+ 49. Kg2 Rc1 50. h4 gxh4 51. Rh3 Rc2+ 52. Kf3 Bf6
53. Kg4 c4 54. bxc4 dxc4 55. Kh5 c3 56. Kg6 Bg5 57. Rd3+ Ke5 58. Bb3 Rg2 59.
Kh5 Rg3 60. Rd5+ Ke4 61. Rc5 h3 62. a5 h2 0-1